000 00574nai a2200181Ia 4500
003 IN-BaIIA
008 211028c9999 xx s 000 0 eng d
022 _a0033-6807 (Print)
022 _a1467-9310 (Online)
040 _cIIA Library
245 0 _aR & D Management
_h[eJournal]
260 _aNew Jersey
_bJohn Wiley & Sons
310 _a5/year
362 _a27(1); 1997 - Present
521 _bSubscribed through National Knowledge Resource Consortium (NKRC)
856 _uhttps://onlinelibrary.wiley.com/journal/14679310
_yClick Here to Access eJournal
942 _cEJ
999 _c35628
_d35628